Normal view
MARC view
- Sup Dr Ali Tahir.
Entry Personal Name
001 - CONTROL NUMBER
- control field: 30395
003 - CONTROL NUMBER IDENTIFIER
- control field: NUST
005 - DATE AND TIME OF LATEST TRANSACTION
- control field: 20200921141921.0
008 - FIXED-LENGTH DATA ELEMENTS
- fixed length control field: 200921|| aca||aabn | a|a d
040 ## - CATALOGING SOURCE
- Original cataloging agency: NUST
- Transcribing agency: NUST
100 ## - HEADING--PERSONAL NAME
- Personal name: Sup Dr Ali Tahir.
670 ## - SOURCE DATA FOUND
- Source citation: Work cat.: (NUST): Hussain, Syed Aamer 30394, Implementation and Performance Analysis of Convolution Neural Networks for Classification of Hyperspectral Images in Big Data Domain /, 2017.
